ARRUPE JESUIT UNIVERSITY

CORONAVIRUS -STOP THE SPREAD - CLEAN,DISINFECT,COVER

Philosophy of mind : (Record no. 131220)

MARC details
000 -LEADER
fixed length control field 03717cam a22003134a 4500
001 - CONTROL NUMBER
control field 13821890
003 - CONTROL NUMBER IDENTIFIER
control field ARRUPE
005 - DATE AND TIME OF LATEST TRANSACTION
control field 20220404092628.0
008 - FIXED-LENGTH DATA ELEMENTS--GENERAL INFORMATION
fixed length control field 041221s2005 enk b 001 0 eng
010 ## - LIBRARY OF CONGRESS CONTROL NUMBER
LC control number 2004030362
020 ## - INTERNATIONAL STANDARD BOOK NUMBER
International Standard Book Number 0199252548 (pbk. : alk. paper)
040 ## - CATALOGING SOURCE
Original cataloging agency DLC
Transcribing agency DLC
Modifying agency DLC
042 ## - AUTHENTICATION CODE
Authentication code pcc
050 00 - LIBRARY OF CONGRESS CALL NUMBER
Classification number BD418.3
Item number .R39 2005
082 00 - DEWEY DECIMAL CLASSIFICATION NUMBER
Classification number 128/.2
Edition number 22
300 ## - PHYSICAL DESCRIPTION
Dimensions 24 cm.
100 1# - MAIN ENTRY--PERSONAL NAME
Personal name Ravenscroft, Ian.
9 (RLIN) 51162
245 10 - TITLE STATEMENT
Title Philosophy of mind :
Remainder of title a beginner's guide /
Statement of responsibility, etc Ian Ravenscroft.
260 ## - PUBLICATION, DISTRIBUTION, ETC. (IMPRINT)
Place of publication, distribution, etc Oxford ;
-- New York :
Name of publisher, distributor, etc Oxford University Press,
Date of publication, distribution, etc 2005.
300 ## - PHYSICAL DESCRIPTION
Extent ix, 206 p. ;
504 ## - BIBLIOGRAPHY, ETC. NOTE
Bibliography, etc Includes bibliographical references (p. [199]-203) and index.
505 0# - FORMATTED CONTENTS NOTE
Formatted contents note Part I: What are mental states? -- Dualism -- Substance dualism -- Arguments in favor of substance of substance dualism -- Arguments against substance dualism -- Property dualism -- Assessing epiphenomenalism -- Behaviorism -- Philosophical behaviorism -- Arguments in favor of philosophical behaviorism -- Arguments against philosophical behaviorism -- What is methodological behaviorism? -- Arguments for methodological behaviorism -- Arguments against methodological behaviorism -- The identity theory -- More about the identity theory -- Arguments in favor of the identity theory -- Evidence from deficit studies -- Arguments against the identity theory -- Reductive and nonreductive physicalism -- Functionalism -- Introducing functionalism - Functionalism and brain states -- Functionalism and the six features of mental states -- Two famous arguments against functionalism -- Eliminativism and fictionalism -- From theory to reality -- Introducing eliminativism -- Eliminativism about mental states -- Anti-eliminativist arguments -- Fictionalism -- Part II: Mind as machine -- The computational theory of mind -- Syntax and semantics -- What's a computer? -- Turing machines -- The computational theory of mind -- The language of thought -- The Chinese room -- Connectionism -- What connectionist networks are like -- Some important properties of connectionist networks -- Connectionism and the mind -- Rationality, language, systematicity -- Part III: Mind in a physical world -- Physicalism and supervenience -- Physical properties -- Introducing the supervenience approach to physicalism -- Refining the supervenience approach to physicalism -- A problem for the supervenience approach to physicalism? -- Content -- The resemblance theory -- The causal theory -- The teleological theory -- Fodor's theory -- Functional role theory -- Wide or narrow? -- Mental causation -- The problem of causal exclusion -- Responding to the problem of causal exclusion -- The causal efficacy of content -- Responding to the problem of the causal efficacy of content -- Part IV: Consciousness -- Varieties of consciousness -- Phenomenal consciousness -- Access consciousness -- Is access a function of phenomenal consciousness? -- Avoiding confusion -- Other kinds of consciousness -- Phenomenal consciousness -- The knowledge argument -- Responding to the knowledge argument -- The explanatory gap -- Can the explanatory gap be filled? -- Functionalism and phenomenal consciousness.
650 #0 - SUBJECT ADDED ENTRY--TOPICAL TERM
Topical term or geographic name as entry element Philosophy of mind.
856 41 - ELECTRONIC LOCATION AND ACCESS
Materials specified Table of contents only
Uniform Resource Identifier <a href="http://www.loc.gov/catdir/toc/ecip055/2004030362.html">http://www.loc.gov/catdir/toc/ecip055/2004030362.html</a>
856 42 - ELECTRONIC LOCATION AND ACCESS
Materials specified Publisher description
Uniform Resource Identifier <a href="http://www.loc.gov/catdir/enhancements/fy0637/2004030362-d.html">http://www.loc.gov/catdir/enhancements/fy0637/2004030362-d.html</a>
856 42 - ELECTRONIC LOCATION AND ACCESS
Materials specified Contributor biographical information
Uniform Resource Identifier <a href="http://www.loc.gov/catdir/enhancements/fy0724/2004030362-b.html">http://www.loc.gov/catdir/enhancements/fy0724/2004030362-b.html</a>
906 ## - LOCAL DATA ELEMENT F, LDF (RLIN)
a 7
b cbc
c orignew
d 1
e ecip
f 20
g y-gencatlg
942 ## - ADDED ENTRY ELEMENTS (KOHA)
Source of classification or shelving scheme Library of Congress Classification
Koha item type Monograph ( Printed materials)
Holdings
Withdrawn status Lost status Source of classification or shelving scheme Damaged status Not for loan Collection code Home library Current library Shelving location Date acquired Total Checkouts Full call number Barcode Date last seen Price effective from Koha item type
    Library of Congress Classification     Main Collection ARRUPE LIBRARY ARRUPE LIBRARY Main Collection 04/04/2022   BD418.3 .R39 2005 46600008414 04/04/2022 04/04/2022 Monograph ( Printed materials)

 

Arrupe Library. PO Box MP320 Mt Pleasant, Harare, Zimbabwe
263 242 745411|librarian@aju.ac.zw